000 00571nam a2200193Ia 4500
008 220531s9999 xx 000 0 und d
020 _a978-93-80321-83-7
041 _amar
082 _bCHI
100 _aचिडगोपकर, अलका
_978050
245 _aसावित्रिबाई फुले : साहित्य आणि कर्तुत्व
250 _a1ST
260 _aPune
_bSnehvardhan
_c2014
300 _a164
542 _d31-12-2018
650 _aGenral
_978051
906 _d2018-2019
_f15682
999 _c43269
_d43269